NCAA Men's Basketball Coaches Poll Final Top 25 (2016-2025) - Statistics

General Stats
  • This quiz has been taken 49 times
  • The average score is 203 of 250
Answer Stats
Rank Team % Correct
3 | 4 | 8 | +3 others Duke
100%
1 | 10 Florida
100%
2 | 4 | 11 | +2 others Michigan
100%
3 | 7 | 11 | +2 others Michigan State
100%
1 | 2 | 6 | +2 others North Carolina
100%
4 | 5 | 14 | +3 others Auburn
95%
1 Connecticut
95%
5 | 7 | 14 | +3 others Kentucky
95%
4 | 5 | 6 Alabama
93%
5 | 10 | 13 | +2 others Florida State
93%
1 | 3 | 4 | +3 others Kansas
93%
5 | 10 | 15 | 16 Tennessee
93%
2 | 5 | 6 | +4 others Gonzaga
90%
3 | 6 | 14 | +2 others Oregon
90%
2 | 9 | 10 | +4 others Purdue
90%
7 | 21 Texas
90%
7 | 8 | 9 | 11 UCLA
90%
6 | 7 | 12 | +3 others Arizona
88%
6 | 8 | 21 | 25 Arkansas
88%
2 | 3 | 6 | +4 others Houston
88%
15 | 18 | 21 Ohio State
88%
10 | 25 Syracuse
88%
9 USC
88%
1 | 5 | 17 | +2 others Virginia
88%
16 | 18 | 19 | +2 others Wisconsin
88%
1 | 4 | 9 | +4 others Baylor
85%
7 | 8 | 19 | 22 Illinois
85%
9 | 24 Indiana
85%
13 | 21 | 25 Iowa
85%
8 | 15 | 17 | +2 others Iowa State
85%
4 Oklahoma
85%
6 | 23 South Carolina
85%
2 | 6 | 8 | +3 others Texas Tech
85%
1 | 4 | 8 | +3 others Villanova
85%
15 LSU
83%
3 | 8 | 16 Miami
83%
13 NC State
83%
10 St. John's
83%
13 | 19 | 24 | 25 Texas A&M
83%
15 | 23 Clemson
80%
14 Virginia Tech
80%
15 | 16 BYU
78%
23 Colorado
78%
13 | 14 | 21 Louisville
78%
20 Oregon State
78%
9 | 11 | 12 | 22 Maryland
75%
17 | 20 Notre Dame
75%
19 Oklahoma State
75%
2 | 6 | 18 San Diego State
75%
20 Utah
75%
24 Washington State
75%
9 | 19 Kansas State
73%
10 | 12 | 14 | 24 Creighton
70%
5 FAU
68%
18 Ole Miss
68%
11 | 15 | 18 Xavier
65%
3 Dayton
63%
11 | 13 | 14 | +2 others West Virginia
63%
11 | 14 Marquette
60%
23 SMU
58%
19 | 21 Butler
55%
20 | 22 St. Mary's
55%
13 Providence
53%
15 Seton Hall
50%
7 | 12 Loyola Chicago
45%
20 | 23 Nevada
45%
21 | 25 Wichita State
45%
2 North Carolina
43%
22 Murray State
30%
17 Buffalo
23%
24 St. Peter's
23%
20 Utah State
20%
18 Wofford
10%
12 | 22 Cincinatti
8%
7 Kenutcky
0%
8 Purude
0%
8 Xaiver
0%
No matching quizzes found
Score Distribution
Percent of People with Each Score
Percentile by Number Answered
Your Score History
You have not taken this quiz